000 00927nam a2200265 a 4500
001 BRCA_8449
005 20190320210303.0
008 291015s2001----enka######---#000-0#eng-#
041 _aeng
044 _aenk
050 4 _aND1312
_b.M37 2001
100 1 _aMartínez Rodríguez, Fabiola
_921164
245 1 0 _aOne Image Multiple Realities
_bthe Ambiguity of Mexican Colonial Casta Paintings.
260 _aLondres
_bUniversity College London, Department of Anthropololgy
_c2001
300 _a69 p.
_bil.
_c30 cm.
500 _aIncluye lista de ilustraciones
500 _aEjemplar engargolado
502 _aTesis Maestría (Maestra en Antropología del Arte) (UCL) Universidad de Londres, Departamento de Antropología
504 _aBibliografía : p. 61-65
650 1 4 _aPintura de castas
_94649
650 1 4 _aPintura colonial
_911527
650 1 4 _aVida social y costumbres
_94652
902 _aTES
942 _2lcc
_cTES
999 _c8116
_d8116